| 000 | 00499nam a2200193Ia 4500 | ||
|---|---|---|---|
| 008 | 180207s9999 xx 000 0 und d | ||
| 020 | _a9781586681567 | ||
| 050 | _bD846 1998 | ||
| 100 | _aDudko, Mary Ann | ||
| 245 | _aPretends / | ||
| 245 | _cby Marry Ann Dudko and Margie Larsen ; illustrated by June Valentine. | ||
| 260 | _aNew York : | ||
| 260 | _bScholastic, | ||
| 260 | _c1998 | ||
| 300 | _aunpaged : | ||
| 300 | _bcolor illustrations ; | ||
| 300 | _c18cm. | ||
| 440 | _aBaby Bop. | ||
| 999 |
_c355817 _d355817 |
||